| 000 | 00618nam a2200217Ia 4500 | ||
|---|---|---|---|
| 005 | 20260429111957.0 | ||
| 008 | 260429s9999||||xx |||||||||||||| ||und|| | ||
| 020 | _a9783110782066 | ||
| 041 | _aEnglish | ||
| 082 |
_a624.1771 _bHAR |
||
| 100 | _aHarmsen, Jan | ||
| 245 | 0 |
_aProduct and process design : _bdriving sustainable innovation / _cJan Harmsen |
|
| 260 |
_aGermany : _bDe Gruyter, _c2024. |
||
| 300 | _axxi, 492 p.; pbk | ||
| 650 | _a Product design | ||
| 650 | _a Structural design | ||
| 650 | _aCivil engineering | ||
| 700 | _a de Haan, Andre B. | ||
| 700 | _a Swinkels, Pieter L.J. | ||
| 942 | _cTB | ||
| 999 |
_c51712 _d51712 |
||